Viajar con Freud : Orvieto y la invención del psicoanálisis /
Shranjeno v:
| Glavni avtor: | |
|---|---|
| Format: | Elektronski eKnjiga |
| Jezik: | španščina |
| Izdano: |
Córdoba, Argentina : CDMX, México :
Editorial Brujas & Cero Impacto ; Litoral Editores,
[2022]
|
| Izdaja: | Primera edición. |
| Teme: | |
| Online dostop: | Digitalia Hispánica |
| Oznake: |
Označite
Brez oznak, prvi označite!
|
MARC
| LEADER | 00000nam a2200000 i 4500 | ||
|---|---|---|---|
| 001 | DIGBRUJ390 | ||
| 003 | NyNyDIG | ||
| 007 | cr ||||||||||| | ||
| 008 | 230116s2022 ag ob 000 0 spa d | ||
| 006 | m o d | ||
| 035 | |a (OCoLC)1367360205 | ||
| 040 | |a DGITA |b eng |e rda |e pn |c DGITA | ||
| 020 | |a 9781684900725 |q eBook | ||
| 020 | |z 9781684800718 | ||
| 050 | 1 | 4 | |a RC503 ebook |
| 100 | 1 | |a Campbell, Sergio, |e author. | |
| 245 | 1 | 0 | |a Viajar con Freud : |b Orvieto y la invención del psicoanálisis / |c Sergio Campbell. |
| 250 | |a Primera edición. | ||
| 264 | 1 | |a Córdoba, Argentina : |b Editorial Brujas & Cero Impacto ; |a CDMX, México : |b Litoral Editores, |c [2022] | |
| 300 | |a 1 online resource. | ||
| 336 | |a text |b txt |2 rdacontent | ||
| 337 | |a computer |b c |2 rdamedia | ||
| 338 | |a online resource |b cr |2 rdacarrier | ||
| 347 | |a text file |2 rdaft | ||
| 347 | |b PDF | ||
| 504 | |a Includes bibliographical references. | ||
| 588 | 0 | |a Online resource; title from PDF title page (Digitalia, viewed January 16, 2023) | |
| 600 | 1 | 0 | |a Freud, Sigmund, |d 1856-1939. |
| 650 | 0 | |a Psychoanalysis |x History. | |
| 791 | 2 | |a Digitalia (Firm), |e distributor. | |
| 793 | 0 | |g Digitalia eBook Collection: |a Editorial Brujas | |
| 776 | 0 | 8 | |i Print version: |a Campbell, Sergio. |t Viajar con Freud. |b Primera edición. |d Córdoba, Argentina : Editorial Brujas & Cero Impacto ; CDMX, México : Litoral Editores, [2022] |z 9781684800718 |
| 856 | 4 | 0 | |3 Digitalia Hispánica |u https://digitalia.unach.elogim.com/a/115317/ |
| 910 | |a Premium collection: 2023 | ||